[Event "SUI-chT"]
[Site "Switzerland"]
[Date "2023.06.25"]
[Round "5.2"]
[White "Vernay, Clovis"]
[Black "Pelletier, Yannick"]
[Result "1-0"]
[WhiteElo "2495"]
[BlackElo "2515"]
[PlyCount "105"]
[EventDate "2023.04.16"]
[EventType "team-tourn"]
[EventRounds "9"]
[EventCountry "SUI"]
[SourceTitle "EXT 2024"]
[Source "ChessBase"]
[SourceDate "2023.10.10"]
[SourceVersion "1"]
[SourceVersionDate "2023.10.10"]
[SourceQuality "1"]
[WhiteTeam "Geneve"]
[BlackTeam "Zuerich"]
[WhiteTeamCountry "SUI"]
[BlackTeamCountry "SUI"]

1. d4 Nf6 2. c4 e6 3. Nc3 Bb4 4. e3 0-0 5. Bd3 c5 6. Nge2 d5 7. 0-0 cxd4 8. exd4 dxc4 9. Bxc4 Nc6 10. a3 Bd6 11. h3 a6 12. Bg5 b5 13. Ba2 Be7 14. Be3 b4 15. Na4 bxa3 16. bxa3 Bxa3 17. d5 exd5 18. Nb6 Rb8 19. Qa4 d4 20. Nxd4 Nxd4 21. Bxd4 Bb2 22. Bxb2 Qxb6 23. Be5 Bd7 24. Qf4 Rbc8 25. Rfd1 Bb5 26. Rd6 Rc6 27. Rad1 Rxd6 28. Rxd6 Qa5 29. Bb3 Ne8 30. Rd4 Qa3 31. Qg3 Qc1+ 32. Kh2 Qh6 33. Bc2 Qc6 34. Be4 Qh6 35. Bf5 Qh5 36. Bc2 f6 37. Bb8 Qc5 38. Bb3+ Kh8 39. Rd8 Qe7 40. Rc8 g6 41. Bf4 Kg7 42. Ra8 g5 43. Bb8 Qc5 44. h4 h6 45. Ra7+ Kg6 46. Qf3 gxh4 47. Bc2+ f5 48. Qg4+ Kf6 49. Qxh4+ Kg6 50. Qg4+ Kf6 51. Qh5 Ke6 52. Bb3+ Bc4 53. Qe2+ 1-0

[Event "FRA-chT Top 16 Gp Haute"]
[Site "Chartres"]
[Date "2023.06.11"]
[Round "4.1"]
[White "Maze, Sebastien"]
[Black "Pelletier, Yannick"]
[Result "1/2-1/2"]
[WhiteElo "2539"]
[BlackElo "2511"]
[PlyCount "96"]
[EventDate "2023.06.08"]
[EventType "team-tourn"]
[EventRounds "4"]
[EventCountry "FRA"]
[SourceTitle "CBM 214 Extra"]
[Source "ChessBase"]
[SourceDate "2023.07.31"]
[SourceVersion "1"]
[SourceVersionDate "2023.07.31"]
[SourceQuality "1"]
[WhiteTeam "Bischwiller"]
[BlackTeam "Asnieres"]
[WhiteTeamCountry "FRA"]
[BlackTeamCountry "FRA"]

1. d4 d5 2. Nf3 Nf6 3. Bf4 c5 4. e3 Nc6 5. Nbd2 cxd4 6. exd4 Bf5 7. c3 e6 8. Bb5 Bd6 9. Bxd6 Qxd6 10. 0-0 0-0 11. Re1 a6 12. Bf1 Bg4 13. a4 Qc7 14. Bd3 Rab8 15. h3 Bh5 16. Qe2 Rfe8 17. Qe3 Nd7 18. Ng5 h6 19. Ngf3 e5 20. g4 Bg6 21. Bxg6 fxg6 22. dxe5 Ndxe5 23. Nxe5 Qxe5 24. Nf3 Qxe3 25. Rxe3 Rf8 26. Rd1 Rbd8 27. Nd4 Rd6 28. Ne6 Rf7 29. Kg2 a5 30. Nd4 Rf4 31. Re8+ Kf7 32. Ra8 Nxd4 33. Rxd4 Rxd4 34. cxd4 Rb6 35. Rxa5 Ke6 36. Ra8 Rxb2 37. a5 g5 38. Ra7 Rb3 39. Kf1 Kf6 40. Ke2 g6 41. f3 h5 42. Ra8 Kf7 43. Rb8 Rb5 44. Kd2 Rxa5 45. Rxb7+ Kf6 46. Rb6+ Kf7 47. Rb7+ Kf6 48. Rb6+ Kf7 1/2-1/2

[Event "FRA-chT Top 16 GpB"]
[Site "Chartres"]
[Date "2023.06.07"]
[Round "7.3"]
[White "Pelletier, Yannick"]
[Black "Ladrat, Mathieu"]
[Result "1-0"]
[WhiteElo "2512"]
[BlackElo "2161"]
[PlyCount "123"]
[EventDate "2023.06.01"]
[EventType "team-tourn"]
[EventRounds "7"]
[EventCountry "FRA"]
[SourceTitle "CBM 214 Extra"]
[Source "ChessBase"]
[SourceDate "2023.07.31"]
[SourceVersion "1"]
[SourceVersionDate "2023.07.31"]
[SourceQuality "1"]
[WhiteTeam "Asnieres"]
[BlackTeam "Poitiers Migne"]
[WhiteTeamCountry "FRA"]
[BlackTeamCountry "FRA"]

1. Nf3 d5 2. d4 e6 3. c4 h6 4. g3 Nf6 5. Bg2 Bd6 6. 0-0 0-0 7. b3 b6 8. Nc3 Bb7 9. Qc2 Nc6 10. Rd1 Qe7 11. Nb5 Rfd8 12. cxd5 exd5 13. Nxd6 cxd6 14. Qb2 Re8 15. e3 Rac8 16. Bd2 Rc7 17. Rac1 Bc8 18. Ne1 Bf5 19. Nc2 Ne4 20. Be1 Rec8 21. Na3 a6 22. f3 Nf6 23. Qd2 h5 24. h3 b5 25. g4 Bg6 26. Bg3 b4 27. Nc2 a5 28. Ne1 hxg4 29. hxg4 Na7 30. Rxc7 Qxc7 31. Bf1 Qc6 32. Qe2 Rb8 33. Qa6 Qxa6 34. Bxa6 Ne8 35. Ng2 f6 36. Rc1 Rb6 37. Be2 Kf8 38. Nf4 Bf7 39. Bd3 Ke7 40. Kf2 Rc6 41. Rh1 Rc3 42. Ke2 Rc8 43. Kd2 Nc7 44. Rh7 Rg8 45. Ng2 Nab5 46. Nh4 Be6 47. Bf4 Nc3 48. a4 Kd7 49. Bh6 Ne8 50. Nf5 Bxf5 51. Bxf5+ Ke7 52. Bg6 Kf8 53. Bf4 Ke7 54. Bxe8 Kxe8 55. Bxd6 Kf7 56. Rh1 Rc8 57. Kd3 Ke6 58. Bc5 Ra8 59. e4 Kf7 60. exd5 Nxd5 61. Kc4 Ke6 62. Re1+ 1-0

[Event "Zuerich m"]
[Site "Zuerich"]
[Date "2023.03.04"]
[Round "1"]
[White "Pelletier, Yannick"]
[Black "Bogner, Sebastian"]
[Result "1-0"]
[WhiteElo "2511"]
[BlackElo "2525"]
[PlyCount "89"]
[EventDate "2023.03.05"]
[EventType "match"]
[EventRounds "4"]
[EventCountry "SUI"]
[SourceTitle "CBM 215 Extra"]
[Source "ChessBase"]
[SourceDate "2023.09.30"]
[SourceVersion "1"]
[SourceVersionDate "2023.09.30"]
[SourceQuality "1"]

1. c4 e5 2. Nc3 Nf6 3. g3 Bb4 4. e4 0-0 5. Nge2 b5 6. cxb5 a6 7. b6 cxb6 8. Bg2 Bb7 9. a3 Bxc3 10. Nxc3 d5 11. exd5 Ra7 12. Qb3 Nbd7 13. 0-0 Nc5 14. Qa2 a5 15. d3 Nxd3 16. Rd1 Ba6 17. Bg5 h6 18. Bxf6 Qxf6 19. Rd2 Qg5 20. Ne4 Qg6 21. d6 Kh8 22. Qb3 f5 23. Qxb6 Raa8 24. Nc5 Rfb8 25. Qc7 Rc8 26. Rxd3 e4 27. Nxa6 Rxc7 28. dxc7 exd3 29. Nb8 Qe8 30. Bxa8 Qc8 31. Bf3 Qxc7 32. Nc6 a4 33. Rd1 Qd6 34. Rd2 Qc5 35. Rxd3 Qc1+ 36. Kg2 Qxb2 37. Nd4 g6 38. h4 Qb1 39. Rd1 Qb2 40. Rd3 Qb1 41. Rd1 Qb2 42. h5 gxh5 43. Nxf5 Qxa3 44. Rd6 Qc5 45. Bd5 1-0

[Event "SUI-chT"]
[Site "Switzerland"]
[Date "2022.11.12"]
[Round "8.2"]
[White "Kurmann, Oliver"]
[Black "Pelletier, Yannick"]
[Result "1-0"]
[WhiteElo "2455"]
[BlackElo "2556"]
[PlyCount "65"]
[EventDate "2022.05.01"]
[EventType "team-tourn"]
[EventRounds "9"]
[EventCountry "SUI"]
[SourceTitle "EXT 2024"]
[Source "ChessBase"]
[SourceDate "2023.10.10"]
[SourceVersion "1"]
[SourceVersionDate "2023.10.10"]
[SourceQuality "1"]
[WhiteTeam "Luzern"]
[BlackTeam "Zuerich"]
[WhiteTeamCountry "SUI"]
[BlackTeamCountry "SUI"]

1. e4 c5 2. Nf3 e6 3. d4 cxd4 4. Nxd4 Nc6 5. Nc3 Qc7 6. Be3 a6 7. g4 Bd6 8. Nxc6 dxc6 9. Qd2 Nf6 10. 0-0-0 Be7 11. g5 Ng4 12. f4 Nxe3 13. Qxe3 e5 14. f5 b5 15. h4 Bd7 16. f6 gxf6 17. gxf6 Bxf6 18. Qh6 Be7 19. Bh3 Rd8 20. Qg7 Rf8 21. Qxh7 Bxh3 22. Rxh3 Rxd1+ 23. Nxd1 Qd7 24. Rg3 Qe6 25. a3 f5 26. Ne3 fxe4 27. Qxe4 Rf4 28. Qg2 Bxh4 29. Rg6 Rf6 30. Rg4 Bf2 31. Rg8+ Kd7 32. Ng4 Rf7 33. Rg6 1-0

[Event "SUI-chT"]
[Site "Switzerland"]
[Date "2022.09.18"]
[Round "7.2"]
[White "Ragger, Markus"]
[Black "Pelletier, Yannick"]
[Result "1-0"]
[WhiteElo "2668"]
[BlackElo "2556"]
[PlyCount "117"]
[EventDate "2022.05.01"]
[EventType "team-tourn"]
[EventRounds "9"]
[EventCountry "SUI"]
[SourceTitle "EXT 2023"]
[Source "ChessBase"]
[SourceDate "2022.10.05"]
[SourceVersion "1"]
[SourceVersionDate "2022.10.05"]
[SourceQuality "1"]
[WhiteTeam "Riehen"]
[BlackTeam "Zuerich"]
[WhiteTeamCountry "SUI"]
[BlackTeamCountry "SUI"]

1. e4 e6 2. d4 d5 3. Nc3 Nf6 4. e5 Nfd7 5. f4 c5 6. Nf3 Nc6 7. Be3 a6 8. a3 cxd4 9. Nxd4 Bc5 10. Qd2 0-0 11. h4 Qe7 12. 0-0-0 f6 13. Nf5 Qd8 14. Nxd5 Bxe3 15. Ndxe3 exf5 16. Bc4+ Kh8 17. e6 Nb6 18. Qxd8 Rxd8 19. Rxd8+ Nxd8 20. e7 Bd7 21. exd8Q+ Rxd8 22. Bd3 g6 23. Rd1 Bc6 24. g3 Re8 25. Kd2 Na4 26. b4 Nc3 27. Kxc3 Rxe3 28. Rg1 Kg7 29. Kd4 Rf3 30. c3 Kf7 31. Bc4+ Kf8 32. Be2 Rf2 33. Ke3 Rh2 34. c4 Ke7 35. b5 axb5 36. cxb5 Be4 37. b6 Kd6 38. a4 Kc5 39. a5 Rh1 40. Rxh1 Bxh1 41. h5 gxh5 42. Bd3 h6 43. Bxf5 Kb5 44. Kd4 Kxa5 45. Kc5 Bf3 46. Bb1 Bg4 47. Be4 Ka6 48. f5 Be2 49. Kd6 Kxb6 50. Ke6 Kc7 51. Kxf6 Kd6 52. Bxb7 Bb5 53. Bc8 Bc4 54. Be6 Bb5 55. Kg7 Be8 56. Bf7 Bb5 57. f6 Ke5 58. Bb3 Be8 59. Ba4 1-0

[Event "SUI-chT"]
[Site "Switzerland"]
[Date "2022.09.04"]
[Round "5.2"]
[White "Pelletier, Yannick"]
[Black "Martins, David Pires Tavares"]
[Result "0-1"]
[WhiteElo "2556"]
[BlackElo "2408"]
[PlyCount "90"]
[EventDate "2022.05.01"]
[EventType "team-tourn"]
[EventRounds "9"]
[EventCountry "SUI"]
[SourceTitle "EXT 2023"]
[Source "ChessBase"]
[SourceDate "2022.10.05"]
[SourceVersion "1"]
[SourceVersionDate "2022.10.05"]
[SourceQuality "1"]
[WhiteTeam "Zuerich"]
[BlackTeam "Reti"]
[WhiteTeamCountry "SUI"]
[BlackTeamCountry "SUI"]

1. d4 e6 2. c4 Nf6 3. Nf3 b6 4. e3 Bb7 5. Bd3 d5 6. cxd5 exd5 7. b3 Bb4+ 8. Bd2 Bd6 9. Nc3 a6 10. Ne5 c5 11. 0-0 Nc6 12. Nxc6 Bxc6 13. Qe2 0-0 14. Bxa6 Re8 15. Bb5 Rc8 16. Bxc6 Rxc6 17. dxc5 bxc5 18. g3 d4 19. Nb5 Ne4 20. Rad1 Bb8 21. Be1 Qc8 22. f3 Nf6 23. e4 Nd5 24. Bd2 Rg6 25. Rf2 Bf4 26. exd5 Bxg3 27. Qf1 Bxf2+ 28. Kxf2 Qd8 29. Qh3 Qb8 30. a4 c4 31. bxc4 d3 32. Be3 Qe5 33. f4 Qb2+ 34. Rd2 Qb1 35. Qf1 Qxf1+ 36. Kxf1 Rxe3 37. Rf2 Re4 38. Na3 Ra6 39. Rd2 Rxf4+ 40. Ke1 Rf3 41. Rb2 Ra8 42. Nb5 Re8+ 43. Kd1 Rf1+ 44. Kd2 Re2+ 45. Kc3 Rc1+ 0-1

[Event "Olympiad-44"]
[Site "Chennai"]
[Date "2022.08.05"]
[Round "7.3"]
[White "De la Riva Aguado, Oscar"]
[Black "Pelletier, Yannick"]
[Result "1-0"]
[WhiteElo "2424"]
[BlackElo "2551"]
[PlyCount "139"]
[EventDate "2022.07.29"]
[EventType "team-swiss"]
[EventRounds "11"]
[EventCountry "IND"]
[SourceTitle "CBM 210"]
[Source "ChessBase"]
[SourceDate "2022.10.31"]
[SourceVersion "1"]
[SourceVersionDate "2022.10.31"]
[SourceQuality "1"]
[WhiteTeam "Andorra"]
[BlackTeam "Switzerland"]
[WhiteTeamCountry "AND"]
[BlackTeamCountry "SUI"]

1. e4 c5 2. Nf3 e6 3. d3 d5 4. Qe2 Nf6 5. g3 Be7 6. Bg2 b5 7. 0-0 0-0 8. e5 Nfd7 9. h4 Nc6 10. Bg5 a5 11. Nbd2 b4 12. Rfe1 Ba6 13. Qe3 a4 14. Qf4 h6 15. Bxe7 Qxe7 16. Bh3 Rfc8 17. h5 Nd4 18. Rac1 Rc7 19. g4 Nxf3+ 20. Nxf3 b3 21. axb3 axb3 22. c4 dxc4 23. dxc4 Bb7 24. Rc3 Bxf3 25. Qxf3 Rd8 26. Rxb3 Nb8 27. Rb6 Rcd7 28. Bf1 Rd4 29. Re4 Qc7 30. Rxd4 Qxb6 31. Rxd8+ Qxd8 32. Qe4 Nd7 33. f4 Qh4 34. Be2 Qg3+ 35. Kf1 Qb3 36. Qd3 Qb7 37. Bf3 Qa7 38. Kg2 Nf8 39. Qd2 Qa2 40. Be2 Qa8+ 41. Bf3 Qa2 42. Be2 Qa8+ 43. Kg3 Qa1 44. Bf3 Qa2 45. Qc3 Qa1 46. Qe3 Qa5 47. b3 Qa3 48. Be4 Qa5 49. Kf3 Qa1 50. Ke2 Qa2+ 51. Kd1 Qa1+ 52. Kc2 Qa2+ 53. Kc1 Qa1+ 54. Bb1 Nd7 55. Qd2 Nf8 56. Kc2 Qa8 57. Qf2 Nd7 58. Kb2 Qa5 59. Qe3 Qb6 60. Qd2 Nf8 61. Qd6 Qa5 62. Bc2 Qa7 63. g5 Qa5 64. g6 fxg6 65. hxg6 h5 66. Qe7 Qa8 67. Be4 Qc8 68. f5 exf5 69. Bd5+ Kh8 70. Qg5 1-0

[Event "FRA-chT Top 16 GpB"]
[Site "Chartres"]
[Date "2022.06.09"]
[Round "1.4"]
[White "Pelletier, Yannick"]
[Black "Nezar, Mustapha"]
[Result "1-0"]
[WhiteElo "2549"]
[BlackElo "2357"]
[PlyCount "87"]
[EventDate "2022.06.09"]
[EventType "team-tourn"]
[EventRounds "7"]
[EventCountry "FRA"]
[SourceTitle "CBM 208 Extra"]
[Source "ChessBase"]
[SourceDate "2022.07.31"]
[SourceVersion "1"]
[SourceVersionDate "2022.07.31"]
[SourceQuality "1"]
[WhiteTeam "Asnieres"]
[BlackTeam "Vandoeuvre"]
[WhiteTeamCountry "FRA"]
[BlackTeamCountry "FRA"]

1. Nf3 Nf6 2. c4 c6 3. b3 g6 4. Bb2 Bg7 5. g3 0-0 6. Bg2 d5 7. 0-0 b6 8. d4 Bb7 9. Nc3 e6 10. Qc2 Qe7 11. Rfd1 Nbd7 12. a4 Rfd8 13. a5 c5 14. a6 Bc6 15. Ne5 Nxe5 16. dxe5 Ng4 17. cxd5 exd5 18. Nxd5 Bxd5 19. Bxd5 Rab8 20. Ra4 Nxe5 21. Re4 Qc7 22. Bc3 Nc6 23. Bxg7 Kxg7 24. Bxc6 Qxc6 25. Re7 Qf6 26. Rxa7 Rxd1+ 27. Qxd1 Rd8 28. Qc1 Qe6 29. Qc3+ Kg8 30. Qc4 Qxc4 31. bxc4 Rd1+ 32. Kg2 Ra1 33. Kf3 Ra4 34. Ra8+ Kg7 35. a7 Kf6 36. e4 h5 37. e5+ Kg7 38. Ke3 h4 39. gxh4 Kh7 40. f4 Kg7 41. h5 gxh5 42. f5 h4 43. f6+ Kh7 44. e6 1-0